00658 2200229 4500001002100000005001500021035002000036007000300056008004100059020002200100082001200122084001800134100001700152245005600169260007400225300002900299650001500328650001100343700001600354856003400370990002400404INLIS00000000000835920260512024249 a0010-0526000059ta260512 0 ind  a978-979-8943-24-9 a634.773 a634.773 SOR a0 aSORMIN, Remi1 aAbstrak Hasil Penelitian Pertanian Komoditas Pisang aBogor :bPusat Perpustakaan Dan Penyebaran Teknologi Pertanian,c2009 a107p. :bIlus ;c25.2 cm 4aPenelitian 4aPisang0 aDyah Artati aPerpustakaan BBRMP Jawa Timur a502/2026/BBRMPJATIM